Loading...

MUDANANTE KATHAKATHANAM (മുധനന്റെ കഥാകഥനം )

Bibliographic Details
Main Author: V. K. NAMBIAR (വി. കെ. നമ്പ്യാർ)
Format: Printed Book
Published: MANGALODAYAM
Online Access:http://10.26.1.76/ks/006347.pdf
LEADER 00451nam a22001217a 4500
100 |a V. K. NAMBIAR (വി. കെ. നമ്പ്യാർ)  |9 38876 
245 |a MUDANANTE KATHAKATHANAM (മുധനന്റെ കഥാകഥനം ) 
260 |b MANGALODAYAM 
300 |a p.52-59  |b 10.2, 1092 (ME) 
856 |u http://10.26.1.76/ks/006347.pdf 
942 |c KS 
999 |c 90624  |d 90624 
952 |0 0  |1 0  |4 0  |7 0  |9 83168  |a MGUL  |b MGUL  |d 2016-08-20  |l 0  |r 2016-08-20  |w 2016-08-20  |y KS